Komparácia vývoja nezamestnanosti vo vybraných krajinách.

Vývoj miery nezamestnanosti v jednotlivých krajinách ES. Porovnanie nezamestnanosti v ES a USA za posledných 10-12 rokov. Situácia v nezamestnanosti v bývalých krajinách východnej Európy - Slovenska, Maďarska, Poľska, Ruska.

Gespeichert in:
Bibliographische Detailangaben
1. Verfasser: Stanek, Vojtech
Format: Buchkapitel
Sprache:Slowakisch
Schlagworte:
Tags: Tag hinzufügen
Keine Tags, Fügen Sie das erste Tag hinzu!

MARC

LEADER 00000naa a2200000 4500
001 r013277
005 20221205080251.0
041 0 |a slo 
044 |a SK 
245 1 0 |a Komparácia vývoja nezamestnanosti vo vybraných krajinách.  |c Vojtech Stanek 
520 |a Vývoj miery nezamestnanosti v jednotlivých krajinách ES. Porovnanie nezamestnanosti v ES a USA za posledných 10-12 rokov. Situácia v nezamestnanosti v bývalých krajinách východnej Európy - Slovenska, Maďarska, Poľska, Ruska. 
610 2 0 |a nezamestnanosť 
610 2 0 |a západná Európa 
610 2 0 |a USA 
610 2 0 |a východná Európa 
610 2 0 |a porovnanie štatistické medzinárodné 
100 1 |a Stanek, Vojtech